effect of fresh cassava leaves and water spinach utilization on growth of crossbred pigs (ឥទ្ធិពលនៃការប្រើប្រាស់ស្លឹកដំឡូងមីស្រស់និងត្រកួនស្រស់លើការលូតលាស់ជ្រូកកូនកាត់) (Record no. 1973)
[ view plain ]
| 000 -LEADER | |
|---|---|
| fixed length control field | 00688nam a22001577a 4500 |
| 003 - CONTROL NUMBER IDENTIFIER | |
| control field | OSt |
| 005 - DATE AND TIME OF LATEST TRANSACTION | |
| control field | 20151006084815.0 |
| 008 - FIXED-LENGTH DATA ELEMENTS--GENERAL INFORMATION | |
| fixed length control field | 151006b xxu||||| |||| 00| 0 eng d |
| 040 ## - CATALOGING SOURCE | |
| Transcribing agency | RUA |
| 082 ## - DEWEY DECIMAL CLASSIFICATION NUMBER | |
| Classification number | AVM SIM 2005 B074 Or.1 |
| 100 ## - MAIN ENTRY--PERSONAL NAME | |
| 9 (RLIN) | 2089 |
| Personal name | SIM, SOVATHANAK. |
| 245 ## - TITLE STATEMENT | |
| Title | effect of fresh cassava leaves and water spinach utilization on growth of crossbred pigs (ឥទ្ធិពលនៃការប្រើប្រាស់ស្លឹកដំឡូងមីស្រស់និងត្រកួនស្រស់លើការលូតលាស់ជ្រូកកូនកាត់) |
| 260 ## - PUBLICATION, DISTRIBUTION, ETC. (IMPRINT) | |
| Place of publication, distribution, etc. | Phnom Penh |
| Name of publisher, distributor, etc. | RUA |
| Date of publication, distribution, etc. | 2005 |
| 300 ## - PHYSICAL DESCRIPTION | |
| Extent | x, 39p. |
| Other physical details | ill. |
| Dimensions | 29cm. |
| 942 ## - ADDED ENTRY ELEMENTS (KOHA) | |
| Source of classification or shelving scheme | |
| Koha item type | AVM |
| Price effective from | Date last seen | Permanent Location | Not for loan | Date acquired | Source of classification or shelving scheme | Koha item type | Lost status | Withdrawn status | Date last checked out | Total Checkouts | Shelving location | Damaged status | Barcode | Current Location | Full call number |
|---|---|---|---|---|---|---|---|---|---|---|---|---|---|---|---|
| 2015-10-06 | 2024-04-19 | Library Block B | 2015-10-06 | AVM | 2024-03-28 | 1 | B074 | RUA008473 | Library Block B | AVM SIM 2005 B074 Or.1 | |||||
| 2015-10-06 | 2017-09-26 | Library Block B | 2015-10-06 | AVM | 2017-09-12 | 1 | B074 | RUA008699 | Library Block B | AVM SIM 2005 B074 Or.2 | |||||
| 2015-10-06 | 2015-10-06 | Library Block B | 2015-10-06 | AVM | B074 | RUA008479 | Library Block B | AVM SIM 2005 B074 Or.3 | |||||||
| 2015-10-06 | 2021-03-10 | Library Block B | 2015-10-06 | AVM | 2021-03-05 | 1 | B074 | RUA008411 | Library Block B | AVM SIM 2005 B074 Or.4 | |||||
| 2015-10-06 | 2019-11-27 | Library Block B | 2015-10-06 | AVM | 2019-11-22 | 2 | B074 | RUA008484 | Library Block B | AVM SIM 2005 B074 Or.5 |